000 00531nam a2200181Ia 4500
999 _c28018
_d28018
003 OSt
005 20201230094721.0
008 190216s9999||||xx |||||||||||||| ||und||
020 _a8126401052
040 _coclc
082 _a894.812301
_bMAR/A
100 _aMarquez, Gabriel Garcia
_95316
245 0 _aAparichita Theerthatakar /
_cGabriel Garcia Marquez
260 _bDc Books,
_a Kottayam:
_c1992.
300 _a195p
650 _aMalayalam
942 _cBK
_2ddc
_h894.812301
_iMAR/A
_k894.812301
_mMAR/A